Card, Cross and Jones criminal law / (Record no. 11144)
[ view plain ]
| 000 -LEADER | |
|---|---|
| fixed length control field | 00754cam a22002412 4500 |
| 001 - CONTROL NUMBER | |
| control field | 0000018505 |
| 005 - DATE AND TIME OF LATEST TRANSACTION | |
| control field | 20151217154418.0 |
| 008 - FIXED-LENGTH DATA ELEMENTS--GENERAL INFORMATION | |
| fixed length control field | 100202s xx 000 0 eng d |
| 020 ## - INTERNATIONAL STANDARD BOOK NUMBER | |
| International Standard Book Number | 0199231638 : |
| 040 ## - CATALOGING SOURCE | |
| Original cataloging agency | KABU |
| Transcribing agency | KABU |
| 100 1# - MAIN ENTRY--PERSONAL NAME | |
| Personal name | Card, Richard. |
| -- | 0000177785 |
| 245 10 - TITLE STATEMENT | |
| Title | Card, Cross and Jones criminal law / |
| Statement of responsibility, etc. | Richard Card. |
| 250 ## - EDITION STATEMENT | |
| Edition statement | 18th ed. |
| 260 ## - PUBLICATION, DISTRIBUTION, ETC. (IMPRINT) | |
| Place of publication, distribution, etc. | Oxford : |
| Name of publisher, distributor, etc. | O. U. P., |
| Date of publication, distribution, etc. | 2008. |
| 300 ## - PHYSICAL DESCRIPTION | |
| Extent | lxx, 850 p. |
| 650 #0 - SUBJECT ADDED ENTRY--TOPICAL TERM | |
| Topical term or geographic name as entry element | Criminal law |
| Geographic subdivision | England. |
| -- | 0000177786 |
| 700 1# - ADDED ENTRY--PERSONAL NAME | |
| Personal name | Jones, Philip Asterley. |
| -- | 0000177787 |
| 700 1# - ADDED ENTRY--PERSONAL NAME | |
| Personal name | Cross, Rupert. |
| -- | 0000177788 |
| 852 1# - LOCATION | |
| -- | p3350 KSH |
| 852 1# - LOCATION | |
| -- | p3350 KSH |
| 908 ## - PUT COMMAND PARAMETER (RLIN) | |
| Put command parameter | 100202 |
| 950 ## - LOCAL HOLDINGS (RLIN) | |
| -- | 1 |
| Withdrawn status | Lost status | Source of classification or shelving scheme | Not for loan | Home library | Current library | Date acquired | Total Checkouts | Full call number | Barcode | Date last seen | Date last checked out | Price effective from | Koha item type | Total Renewals |
|---|---|---|---|---|---|---|---|---|---|---|---|---|---|---|
| Library of Congress Classification | Kabarak, Main Campus | Kabarak, Main Campus | 17/12/2015 | 6 | KD7869 .C37 2008 c. 3 | 18371 | 05/04/2023 | 30/03/2023 | 17/12/2015 | General Collection | ||||
| Library of Congress Classification | Kabarak, Main Campus | Kabarak, Main Campus | 17/12/2015 | 5 | KD7869 .C37 2008 c. 1 | 18369 | 26/04/2021 | 13/04/2021 | 17/12/2015 | General Collection | ||||
| Library of Congress Classification | Kabarak, Main Campus | Kabarak, Main Campus | 17/12/2015 | 5 | KD7869 .C37 2008 c. 2 | 18370 | 08/04/2022 | 05/04/2022 | 17/12/2015 | General Collection | 1 |